000 01110cam a2200337 4500
008 021028n2002 000 0 eng u
020 _a1859414729
035 _a(Sirsi) u120282
041 _aeng.
050 _a346.41043
100 _aDixon, M.
245 _aPrinciples of land law
250 _a4th ed.
260 _aLondon
_bCavendish
_c2002
300 _axlix, 442p.
_c25cm.
350 _a19.95
490 _aPrinciples of Law
520 _aServes as an accessible guide to land law, explaining clearly how the principles of the subject fit together. Includes chapters on: registered and unregistered land; co-ownership; leases; easements; licences and proprietary estoppel; and adverse possesion. The impact of the Land Registration Act 2002 is also fully considered.
650 _aREGISTERED LAND
650 _aUNREGISTERED LAND
650 _aCO-OWNERSHIP
650 _aLEASES
650 _aEASEMENTS
650 _aLICENCES
650 _aPROPRIETARY ESTOPPEL
650 _aMORTGAGES
650 _aADVERSE POSSESSION
650 _aLAW
690 _aPROPERTY
942 _n0
999 _c102509
_d102509